000 00770aam a2200241 4500
999 _c33328
_d33328
001 2490
003 CO-MdFUSB
005 20171101093514.0
008 170331t1931 ag ||||| |||| 00| 0 spa d
040 _aCO-MdFUSB
_bspa
_cCO-MdFUSB
_dCO-MdFUSBC
_erda
041 0 _aspa
082 0 4 _aG 225.13 H8268e
100 1 _aHoskyns, Sir Edwyn
_eautor
245 0 3 _aEl enigma del Nuevo Testamento
_c/ Edwyn Hoskyns, Noel Davey ; Marcelo Pérez, Traductor
264 4 _aBuenos Aires, Argentina:
_bLa Aurora,
_c©1931
300 _a199 Pag
336 _2rdacontent
_atexto
_btxt
337 _2rdamedia
_asin mediación
_bn
338 _2rdacarrier
_avolumen
_bnc
500 _aTítulo original : The riddle of the New Testament
630 0 7 _aBiblia.
_pNuevo Testamento
942 _cBK